00745nam a2200241Ia 4500003000400000005001700004008004100021020001800062040000700080041000800087082002200095100002500117245004100142260003300183300001500216365001400231650002700245650001900272906003900291942001200330999001900342952014200361OSt20250627093608.0210423s2008 xx 000 0 und d a9780240810447 cAL aeng a004.65 223bHUTW aTom Hutchison988620 aWeb marketing for the music business aLondonbElsevier Indiac2008 aix,290bPB b1632cINR aData Processing988621 aGeneral988622 abusiness ; marketing ; music ; Web 2ddccBK c157519d157519 00102ddc40708MAJMCaSACPGbSACPGd2009-11-27eKnowledge Worldg1632.00l0o004.65 HUTWpPG003995r2022-08-24 00:00:00w2021-04-26yBK